New Zealand ODI Cricket Highest Wicket Takers - Statistics

General Stats
  • This quiz has been taken 13 times
  • The average score is 14 of 25
Answer Stats
Wickets Answer % Correct
297 Daniel Vettori
100%
133 Mitchell Santner
100%
158 Sir Richard Hadlee
100%
221 Tim Southee
100%
211 Trent Boult
100%
172 Matt Henry
88%
200 Chris Cairns
75%
89 Lance Cairns
75%
147 Shane Bond
63%
203 Chris Harris
50%
126 Danny Morrison
50%
140 Ewen Chatfield
50%
113 Gavin Larsen
50%
173 Jacob Oram
50%
81 James Franklin
50%
240 Kyle Mills
50%
137 Scott Styris
50%
110 Daryl Tuffey
38%
99 Nathan Astle
38%
71 James Neesham
25%
114 Martin Snedden
25%
82 Mitchell McClenaghan
25%
99 Lockie Ferguson
13%
74 Willie Watson
13%
103 Chris Pringle
0%
No matching quizzes found
Score Distribution
Percent of People with Each Score
Percentile by Number Answered
Your Score History
You have not taken this quiz